| 000 | 00623nam a22002177a 4500 | ||
|---|---|---|---|
| 003 | UA-OsUOA | ||
| 001 | 61827 | ||
| 007 | ta | ||
| 008 | 20090716b un ||||| |||| 00| 0 ukr d | ||
| 100 | _aСухова Н.Ю. | ||
| 090 |
_a2 _bС91 |
||
| 942 | _cSA | ||
| 040 |
_aUA-OsUOA _brus _cUA-OsUOA _dUA-OsUOA |
||
| 245 | _aСтарчество и рост христианской жизни в письмах к монахиням | ||
| 300 | _aС.185-216 | ||
| 955 | _a0 | ||
| 041 | _arus | ||
| 080 | _a2 | ||
| 773 | 0 |
_w61821 _tЦерьковь и время _dМ. _d2009 _g1 |
|
| 650 | 7 |
_a2 Релігія. Теологія. _2UDC |
|
| 999 |
_c347666 _d347666 |
||